|
|
|
|
| LEADER |
03862nam a22005535i 4500 |
| 001 |
978-3-540-68256-1 |
| 003 |
DE-He213 |
| 005 |
20170128053720.0 |
| 007 |
cr nn 008mamaa |
| 008 |
100301s2006 gw | s |||| 0|eng d |
| 020 |
|
|
|a 9783540682561
|9 978-3-540-68256-1
|
| 024 |
7 |
|
|a 10.1007/11925071
|2 doi
|
| 040 |
|
|
|d GrThAP
|
| 050 |
|
4 |
|a TK5105.5-5105.9
|
| 072 |
|
7 |
|a UKN
|2 bicssc
|
| 072 |
|
7 |
|a COM075000
|2 bisacsh
|
| 082 |
0 |
4 |
|a 004.6
|2 23
|
| 245 |
1 |
0 |
|a Middleware 2006
|h [electronic resource] :
|b ACM/IFIP/USENIX 7th International Middleware Conference, Melbourne, Australia, November 27-December 1, 2006. Proceedings /
|c edited by Maarten van Steen, Michi Henning.
|
| 264 |
|
1 |
|a Berlin, Heidelberg :
|b Springer Berlin Heidelberg :
|b Imprint: Springer,
|c 2006.
|
| 300 |
|
|
|a XIV, 434 p.
|b online resource.
|
| 336 |
|
|
|a text
|b txt
|2 rdacontent
|
| 337 |
|
|
|a computer
|b c
|2 rdamedia
|
| 338 |
|
|
|a online resource
|b cr
|2 rdacarrier
|
| 347 |
|
|
|a text file
|b PDF
|2 rda
|
| 490 |
1 |
|
|a Lecture Notes in Computer Science,
|x 0302-9743 ;
|v 4290
|
| 505 |
0 |
|
|a Performance I -- Caching Dynamic Web Content: Designing and Analysing an Aspect-Oriented Solution -- Non-intrusive Performance Management for Computer Services -- Composition -- True and Transparent Distributed Composition of Aspect-Components -- Policy-Driven Middleware for Self-adaptation of Web Services Compositions -- Management I -- Living with Nondeterminism in Replicated Middleware Applications -- Trading Off Resources Between Overlapping Overlays -- Publish/Subscribe Technology -- Efficient Probabilistic Subsumption Checking for Content-Based Publish/Subscribe Systems -- Dynamic Load Balancing in Distributed Content-Based Publish/Subscribe -- Decentralized Message Ordering for Publish/Subscribe Systems -- Databases -- DBFarm: A Scalable Cluster for Multiple Databases -- Queryll: Java Database Queries Through Bytecode Rewriting -- Mobile and Ubiquitous Computing -- Contory: A Middleware for the Provisioning of Context Information on Smart Phones -- Efficient Semantic Service Discovery in Pervasive Computing Environments -- Security -- A Middleware System for Protecting Against Application Level Denial of Service Attacks -- Generalized Access Control of Synchronous Communication -- Datamining Techniques -- FMware: Middleware for Efficient Filtering and Matching of XML Messages with Local Data -- Synergy: Sharing-Aware Component Composition for Distributed Stream Processing Systems -- Performance II -- Enforcing Performance Isolation Across Virtual Machines in Xen -- Low-Overhead Message Tracking for Distributed Messaging -- Management II -- Utility-Driven Proactive Management of Availability in Enterprise-Scale Information Flows -- Model Driven Provisioning: Bridging the Gap Between Declarative Object Models and Procedural Provisioning Tools.
|
| 650 |
|
0 |
|a Computer science.
|
| 650 |
|
0 |
|a Computer communication systems.
|
| 650 |
|
0 |
|a Computer programming.
|
| 650 |
|
0 |
|a Software engineering.
|
| 650 |
|
0 |
|a Programming languages (Electronic computers).
|
| 650 |
|
0 |
|a Operating systems (Computers).
|
| 650 |
1 |
4 |
|a Computer Science.
|
| 650 |
2 |
4 |
|a Computer Communication Networks.
|
| 650 |
2 |
4 |
|a Software Engineering.
|
| 650 |
2 |
4 |
|a Programming Techniques.
|
| 650 |
2 |
4 |
|a Operating Systems.
|
| 650 |
2 |
4 |
|a Programming Languages, Compilers, Interpreters.
|
| 650 |
2 |
4 |
|a Information Systems Applications (incl. Internet).
|
| 700 |
1 |
|
|a Steen, Maarten van.
|e editor.
|
| 700 |
1 |
|
|a Henning, Michi.
|e editor.
|
| 710 |
2 |
|
|a SpringerLink (Online service)
|
| 773 |
0 |
|
|t Springer eBooks
|
| 776 |
0 |
8 |
|i Printed edition:
|z 9783540490234
|
| 830 |
|
0 |
|a Lecture Notes in Computer Science,
|x 0302-9743 ;
|v 4290
|
| 856 |
4 |
0 |
|u http://dx.doi.org/10.1007/11925071
|z Full Text via HEAL-Link
|
| 912 |
|
|
|a ZDB-2-SCS
|
| 912 |
|
|
|a ZDB-2-LNC
|
| 950 |
|
|
|a Computer Science (Springer-11645)
|